000 00463nam a2200193Ia 4500
005 20240823045018.0
008 240823s9999||||xx |||||||||||||| ||und||
041 _aENGLISH
082 _A658.494 N3
100 _aGopalakrishnan P
245 0 _aProject Management
250 _a1st
260 _c1993
_b"MAcmillan,Delhi"
500 _aTRANSFERED
650 _aManagement
_bManagement Studies
700 _a Ramamoorty V E
942 _cBK
999 _c213965
_d213965